000 00599nam a2200229Ia 4500
003 OSt
005 20230509112025.0
008 210423s2014 xx 000 0 und d
020 _a978-81-8489-858-3
040 _cAL
041 _aeng
082 _a664.02 TOLF
100 _aTOLEDO (Romeo T)
_9100580
245 _aFundamentals of food process enginering
250 _a3
260 _aNew Delhi
_bSpringer Pvt Ltd
_c2014
300 _axiii,218
_bPB
365 _b1595
_cINR
650 _aFood Technology
_9100581
906 _aenginering ; food ; Fundamentals ; process
942 _2ddc
_cBK
999 _c165595
_d165595